01011cam a2200229 a 450000100100000000500170001000800410002702000150006804000290008308200200011210000200013224501000015226002010025230000290045349000620048265100370054465100340058165100390061570000350065483000280068983000640071700000731920200929154131.0960122s1994 ck a 000 0 spa d a9586121755 aDO-SdBNPbspacLCdBNPHU a910.9861bS488v1 aSerret, Félix10aViaje a Colombia 1911-1912 /cFélix Serret ; traducción y prólogo Luis Carlos Mantilla R. aBogotá :bPresidencia de la República;bComisión Preparatoria para el V Centenario del Descubrimiento de América;bInstituto Colombiano de Cultura;bBiblioteca Nacional de Colombia,c1994. a294 p. :bil., ;c24 cm.1 aBiblioteca V Centenario Colcultura. Viajeros por Colombia 4aColombiaxDescripciones Y Viajes 4aColombiaxHistoriay1903-1946 4aColombiaxVida Social Y Costumbres1 aMantilla R., Luis Carlos,etr. 0aBanco de la República 0aBiblioteca V Centenario Colcultura :pViajeros por Colombia